Guys write for guys read / (Record no. 3033)

MARC details
000 -LEADER
fixed length control field 01125cam a22003374a 4500
001 - CONTROL NUMBER
control field 3033
003 - CONTROL NUMBER IDENTIFIER
control field FISKH
005 - DATE AND TIME OF LATEST TRANSACTION
control field 20240524153738.0
008 - FIXED-LENGTH DATA ELEMENTS--GENERAL INFORMATION
fixed length control field 041217s2005 nyua j 000 0 eng
010 ## - LIBRARY OF CONGRESS CONTROL NUMBER
LC control number 2004028984
020 ## - INTERNATIONAL STANDARD BOOK NUMBER
International Standard Book Number 0670060070
020 ## - INTERNATIONAL STANDARD BOOK NUMBER
International Standard Book Number 9780439864244
040 ## - CATALOGING SOURCE
Original cataloging agency DLC
Transcribing agency DLC
Modifying agency DLC
Language of cataloging eng
042 ## - AUTHENTICATION CODE
Authentication code pcc
050 00 - LIBRARY OF CONGRESS CALL NUMBER
Classification number PS509.M46
Item number G89 2005
082 00 - DEWEY DECIMAL CLASSIFICATION NUMBER
Classification number 810.8/09286
Edition number 22
100 ## - MAIN ENTRY--PERSONAL NAME
Personal name Scieszka, Jon
245 00 - TITLE STATEMENT
Title Guys write for guys read /
Statement of responsibility, etc. edited by Jon Scieszka.
250 ## - EDITION STATEMENT
Edition statement First Scholastic printing, January 2006
260 ## - PUBLICATION, DISTRIBUTION, ETC.
Place of publication, distribution, etc. New York :
Name of publisher, distributor, etc. Scholastic ,
Date of publication, distribution, etc. 2005
300 ## - PHYSICAL DESCRIPTION
Extent 268 pages :
Other physical details illustrations ;
Dimensions 20 cm
505 ## - FORMATTED CONTENTS NOTE
Formatted contents note Q
520 ## - SUMMARY, ETC.
Summary, etc. There's something for every guy in this collection of stories, mini-memoirs, advice, poems, comics and drawings chosen by readers on the Guys Read web site.
521 8# - TARGET AUDIENCE NOTE
Target audience note 920
Source Lexile
650 #0 - SUBJECT ADDED ENTRY--TOPICAL TERM
Topical term or geographic name entry element Men
Form subdivision Literary collections.
650 #0 - SUBJECT ADDED ENTRY--TOPICAL TERM
Topical term or geographic name entry element American literature
General subdivision Male authors.
650 #0 - SUBJECT ADDED ENTRY--TOPICAL TERM
Topical term or geographic name entry element Children's literature, American.
700 1# - ADDED ENTRY--PERSONAL NAME
Personal name Scieszka, Jon.
Relator term Editor
906 ## - LOCAL DATA ELEMENT F, LDF (RLIN)
a 7
b cbc
c orignew
d 1
e ecip
f 20
g y-gencatlg
942 ## - ADDED ENTRY ELEMENTS (KOHA)
Source of classification or shelving scheme Dewey Decimal Classification
Koha item type Books
Suppress in OPAC No
Holdings
Withdrawn status Lost status Source of classification or shelving scheme Damaged status Not for loan Collection Home library Current library Shelving location Date acquired Total Checkouts Full call number Barcode Date last seen Date last checked out Copy number Price effective from Koha item type
    Dewey Decimal Classification     Fiction Footprints International School Library Network Toul Kork Campus Footprints International School Library Network Toul Kork Campus   01/31/2024 1 SCI Fic PS509.M46 FISSE00594 04/01/2025 03/06/2025 1 01/31/2024 Books
    Dewey Decimal Classification     Fiction Footprints International School Library Network Toul Kork Campus Footprints International School Library Network Toul Kork Campus TTP Secondary Fiction Bookshelves 05/23/2024   SCI Fic PS509.M46 2024-0688 05/23/2024   3 05/23/2024 Books
    Dewey Decimal Classification     Fiction Footprints International School Library Network Toul Kork Campus Footprints International School Library Network Toul Tom Poung Campus TTP Secondary Fiction Bookshelves 04/10/2024 1 SCI Fic PS509.M46 2024-0482 02/02/2026 01/05/2026 2 04/10/2024 Books